Local algebra
Saved in:
| Main Author: | |
|---|---|
| Format: | Book |
| Language: | English |
| Published: |
Berlin ; New York :
Springer,
c2000
|
| Series: | Springer monographs in mathematics
|
| Subjects: | |
| Tags: |
Add Tag
No Tags, Be the first to tag this record!
|
MARC
| LEADER | 00000nam a2200000 i 4500 | ||
|---|---|---|---|
| 001 | 1/42337 | ||
| 008 | 031013s2000 eng d | ||
| 020 | |a 3-540-66641-9 | ||
| 035 | |l 10071152 | ||
| 040 | |a GR-MY-UA |b gre |e aacr | ||
| 041 | 0 | |a eng | |
| 082 | 0 | |a 516.35 | |
| 100 | 1 | |a Serre, Jean Pierre. | |
| 245 | 1 | 0 | |a Local algebra / |c Jean-Pierre Serre ; translated from the French by CheeWhye Chin |
| 260 | |a Berlin ; New York : |b Springer, |c c2000 | ||
| 300 | |a xiii, 128 p.; |c 24 cm. | ||
| 490 | 1 | |a Springer monographs in mathematics | |
| 504 | |a Includes bibliographical references and indexes | ||
| 650 | 0 | 0 | |a Geometry, Algebraic. |
| 650 | 0 | 0 | |a Local rings. |
| 650 | 0 | 0 | |a Modules (Algebra) |
| 650 | 0 | 0 | |a Dimension theory (Algebra) |
| 830 | 0 | |a Springer monographs in mathematics | |
| 852 | |a INST |b SAMOS |e 20031013 |h 516.35 SER |p 005300023840 |q 005300023840 |t BK |y 0 | ||
| 901 | |a BIBL3-2003-3 | ||
| 909 | |a Σ |b 106212 | ||
| 922 | |a 3ΕΛΗ |b 200306 |c ΕΠΕΑΕΚ2/ΤΜΗΜΑ ΜΑΘΗΜΑΤΙΚΩΝ |d ΜΙΧΑΛΟΠΟΥΛΟΣ | ||
| 950 | |a 116-2003-06-13 | ||
| 970 | |a ΚΟΣΙΕΡΗΣ |b ΧΡΗΣΤΟΣ |z 2003/10/15 | ||